00311 a2200109 4500001000700000020000600007040001100013100001700024240007800041245007300119362000900192174101 a  cMagnum aLovell, Kurt10aO desenvolvimento dos conceitos matematicos e cientificos na criancalpor10aO desenvolvimento dos conceitos matematicos e cientificos na crianca0 a1899